000 nam a22 a 4500
999 _c407403
_d407403
003 BLK
005 20210412083619.0
008 210407b bu |||||r|||| 00| ||bu d
040 _aBLK
041 _aBUL
_cBUL
080 _aСтатистиката като наука. Теория на статистиката
_b311
_z311:63(497.2)
110 _9410957
_aМинистерство на войната. Щаб на войската. Военно-историческа комисия
139 _aМинистерство на войната. Щаб на войската. Военно-историческа комисия
245 1 0 _aРезултати по преброяването на добитъка и колата в Българското княжество към 1 ян. 1888 г.
257 _aBGR
260 _aСофия
_bВоенно м-во - генерален щаб
_c1890
_9217037
_fСофия : К. Т. Кушлев
300 _a331 с.
_c31 см
380 _a3
490 _9435080
_aКолекция Редки и ценни издания
650 0 _9335777
_aСтатистика, селскостопанска - България
653 7 _9186636
_aживотновъдство
852 _aРб 890
_bРц
942 _cKNG
_n0
_s1
944 _aCR
_c2021-04-12
_kНР